Problemas de la Cuenca de México /

Valoración desde una perspectiva interdisciplinaria, de la crisis poblacional, económica, urbana y social que afecta a la zona metropolitana de la ciudad de México, como consecuencia de un modelo de desarrollo equivocado en muchos de sus planteamientos.

Guardat en:
Dades bibliogràfiques
Autor principal: Kumate, Jesús (coord.)
Altres autors: Mazari Menzer, Marcos (coordinación) (coordinación)
Format: Llibre
Idioma:espanyol
Publicat: México : El Colegio Nacional, 1990, c1990
Matèries:
Etiquetes: Afegir etiqueta
Sense etiquetes, Sigues el primer a etiquetar aquest registre!

MARC

LEADER 00000nam^a2200000^a^4500
001 000108021
005 20250521000000.0
009 20260310093631.547
020 |a 968-6664-36-9 
037 |a Acervo ITESO - Biblioteca 
041 |a ESP 
082 |a 711. 40972532  |b KUM 
100 |a Kumate, Jesús  |e (coord.) 
245 1 0 |a Problemas de la Cuenca de México /  |c Coord. de J. Kumate, M. Mazari. 
264 4 |a México :  |b El Colegio Nacional,  |c 1990, c1990 
300 |a 403 p. 
336 |a texto  |b txt  |2 rdacontenido 
337 |a sin mediación  |b n  |2 rdamedio 
338 |a volumen  |b nc  |2 rdasoporte 
520 |a Valoración desde una perspectiva interdisciplinaria, de la crisis poblacional, económica, urbana y social que afecta a la zona metropolitana de la ciudad de México, como consecuencia de un modelo de desarrollo equivocado en muchos de sus planteamientos. 
649 |a XX 
650 |a Planeación Urbana -  |z México (Ciudad) 
650 |a Desarrollo Urbano -  |z México (Ciudad) 
650 |a Desarrollo Sustentable -  |z México (Ciudad) 
650 |a Contaminación Ambiental -  |z México (Ciudad) 
650 |a Conservación y Protección Ambiental -  |z México (Ciudad) 
650 |a Asentamientos Humanos -  |z México (Ciudad) 
650 |a Población -  |z México (Ciudad) 
650 |a Cimentación -  |z México (Ciudad) 
650 |a Terremotos -  |z México (Ciudad) 
650 |a Política Ambiental -  |z México (Ciudad) 
650 |a Urbanismo 
650 |a Ecología 
650 |a Ingeniería Civil 
650 |a Economía 
650 |a México (Ciudad) 
700 |a Mazari Menzer, Marcos  |e (coordinación) 
910 |a Fondo General 
920 |a Impresos - Libros 
930 |a Colección General 
905 |a 101 
901 |a 0500044447  |b IT1  |c ACC  |u 20250521 
902 |a https://opac.biblio.iteso.mx/vufind/Record/000108021